Land prices rise despite farm crisis (Record no. 63592)
[ view plain ]
| 000 -LEADER | |
|---|---|
| fixed length control field | 00817cam a2200217 4500 |
| 001 - CONTROL NUMBER | |
| control field | WB3621-29 |
| 008 - FIXED-LENGTH DATA ELEMENTS--GENERAL INFORMATION | |
| fixed length control field | 000000n2000 000 0 eng u |
| 035 ## - SYSTEM CONTROL NUMBER | |
| System control number | (Sirsi) u106149 |
| 245 ## - TITLE STATEMENT | |
| Title | Land prices rise despite farm crisis |
| 260 ## - PUBLICATION, DISTRIBUTION, ETC. | |
| Date of publication, distribution, etc. | 2000 |
| 490 ## - SERIES STATEMENT | |
| Series statement | Western Morning News |
| Volume/sequential designation | 25 May 2000, 6(1) |
| 520 ## - SUMMARY, ETC. | |
| Summary, etc. | The RICS' "Economic Brief" report highlights the problems faced by farmers as average incomes have fallen by 61% since 1995. However at the same time land prices have risen. The main factor being the strength of the residential market. Considers the effect of rural property values on the rural economy. |
| 590 ## - LOCAL NOTE (RLIN) | |
| Local note | WB |
| 650 ## - SUBJECT ADDED ENTRY--TOPICAL TERM | |
| Topical term or geographic name entry element | FARMLAND VALUES |
| 650 ## - SUBJECT ADDED ENTRY--TOPICAL TERM | |
| Topical term or geographic name entry element | FARM INCOMES |
| 650 ## - SUBJECT ADDED ENTRY--TOPICAL TERM | |
| Topical term or geographic name entry element | RURAL ECONOMY |
| 650 ## - SUBJECT ADDED ENTRY--TOPICAL TERM | |
| Topical term or geographic name entry element | RICS |
| 650 ## - SUBJECT ADDED ENTRY--TOPICAL TERM | |
| Topical term or geographic name entry element | RECESSION |
| 690 ## - LOCAL SUBJECT ADDED ENTRY--TOPICAL TERM (OCLC, RLIN) | |
| Topical term or geographic name as entry element | RURAL-MARKET |
| 942 ## - ADDED ENTRY ELEMENTS (KOHA) | |
| Suppress in OPAC | 0 |
| Withdrawn status | Lost status | Source of classification or shelving scheme | Damaged status | Not for loan | Home library | Current library | Shelving location | Date acquired | Total Checkouts | Full call number | Barcode | Date last seen | Copy number | Price effective from | Koha item type |
|---|---|---|---|---|---|---|---|---|---|---|---|---|---|---|---|
| Dewey Decimal Classification | London | London | Journal article | 31/05/2000 | WB3621-29 | 106149-1001 | 06/08/2019 | 1 | 06/08/2019 | Journal article |